000
00295nam a2200109Ia 4500
008
220204s9999 xx 000 0 und d
100
_a
Gavin, R E
245
0
_a
Reference manual for stenographers and typists
260
_a
New York
_b
Mc Graw Hill
_c
1961
700
_a
Hutchinson, E L
942
_c
BK
999
_c
20967
_d
20967